000 00418nam a2200181Ia 4500
001 10613
005 20260306161845.0
008 260306t2012||||xx |||||||||||||| ||spa||
041 _aESP
082 _a945.05
_bG317
100 _aGarin, Eugenio
_eAUT
245 0 _aEl renacimiento italiano
260 _c2012
300 _a324 páginas :
_c23 cm.
650 _aGEN
654 _aCHU
942 _cLIB
_dJUS
_fJUS
_2ddc
_n
999 _c10613
_d10613